MARC

LEADER 00000cam a2200000 7i4500
001 0000000937
005 20091230093000.0
008 021118s1994
020 |a 9839819046 
090 0 0 |a QL634.M27   |b F5 1994 
245 0 0 |a Fishes of Kenyir 
260 2 |a Kuala Lumpur :   |b Department of Fisheries Malaysia in cooperation with KETENGAH ,   |c 1994 
300 |a 112 p. ;   |c 29 cm. 
650 0 |a Freshwater fishes   |z Kenyir (Terengganu) 
650 0 |a Fishes   |z Terengganu   |z Kenyir 
710 1 1 |a Lembaga Kemajuan Terengganu Tengah 
710 1 1 |a Malaysia .   |b Kementerian Pertanian .   |b Jabatan Perikanan 
999 |a 1000006089   |b Book   |c OPEN SHELF (30 DAYS)   |e Gong Badak Campus